Trends and Innovations in Education and Importance of Controlling Education Process
Vzdelávanie v súčasnosti ako zásadná konkurenčná výhoda ako aj benefit a motivácia pre zamestnancov. Pozitívny vplyv inovatívnych prístupov vo vzdelávaní zamestnancov a kontrole na konkurencieschopnosť podniku. Dôležitosť monitorovania a kontroly výsledkov vzdelávacieho procesu zamestnancov, vďaka č...
Salvato in:
| Autore principale: | |
|---|---|
| Altri autori: | |
| Natura: | Capitolo di libro |
| Lingua: | inglese |
| Soggetti: | |
| Tags: |
Nessun Tag, puoi essere il primo ad aggiungerne!!
|
MARC
| LEADER | 00000naa$a2200000$$$4500 | ||
|---|---|---|---|
| 001 | 0248869 | ||
| 005 | 20240502083708.1 | ||
| 041 | 0 | |a eng | |
| 044 | |a CZ | ||
| 245 | 1 | 0 | |a Trends and Innovations in Education and Importance of Controlling Education Process |c Paulína Paprskárová, Vladislav Sochanič |
| 520 | |a Vzdelávanie v súčasnosti ako zásadná konkurenčná výhoda ako aj benefit a motivácia pre zamestnancov. Pozitívny vplyv inovatívnych prístupov vo vzdelávaní zamestnancov a kontrole na konkurencieschopnosť podniku. Dôležitosť monitorovania a kontroly výsledkov vzdelávacieho procesu zamestnancov, vďaka čomu je možné zistiť, či sú pridelené zdroje využívané efektívne. Potreba monitorovania spätnej väzby od zamestnancov a miery ich motivácie. | ||
| 610 | 2 | 0 | |a vzdelávanie dospelých |
| 610 | 2 | 0 | |a zamestnanci |
| 610 | 2 | 0 | |a zamestnávatelia |
| 610 | 2 | 0 | |a kontrola |
| 610 | 2 | 0 | |a inovácia |
| 610 | 2 | 0 | |a efektívnosť |
| 610 | 2 | 0 | |a motivácia |
| 610 | 2 | 0 | |a manažment |
| 610 | 2 | 0 | |a väzba spätná |
| 100 | 1 | |a Paprskárová, Paulína | |
| 700 | 1 | |a Sochanič, Vladislav | |